| 000 | 00429nam a2200181Ia 4500 | ||
|---|---|---|---|
| 008 | 210210b1914 xxu||||| |||| 00| 0 eng d | ||
| 041 | _aeng | ||
| 082 | _a821/9 | ||
| 100 | _aARNOLD (Mathew) | ||
| 245 | _aSohrab and Rustum: Jones | ||
| 260 |
_aBombay _bOxford University Press _c1914 |
||
| 650 | _aSohrab | ||
| 650 | _aRustum: | ||
| 650 | _aJones | ||
| 650 | _aand | ||
| 690 | _aIndian English Poetry | ||
| 906 | _a011178 | ||
| 999 |
_c129820 _d129820 |
||